=LDR 00000nam 2200000 4500 =001 INLIS000000000008400 =005 20200615090001 =035 ##$$a 0010-061300000008400 =008 200615################g##########0#ind## =041 ##$$a Ind =082 ##$$a 2x4.222 =090 ##$$a 2x4.222, masyhur, Kahar =100 ##$$a Masyhur, Kahar =245 1#$$a Beberapa pendapat mengenai riba /$c Drs.H. Kahar Masyhur =260 ##$$a Jakarta :$b Kalam Mulia,$c 1999 =300 ##$$a viii, 158 hlm. ; $c 11x21 cm. =650 #4$$a Hukum Islam (muamalat) =850 ##$$a NBPNMAT =084 ##$$a 2x4.222 MAS b =250 ##$$a cet.3 =504 ##$$a Bibliografi : hlm. 155 =990 ##$$a DW00029991 =990 ##$$a 143.267 pro.99